000 01245nam a22002297a 4500
003 AM-YeHGA
005 20250617154235.0
008 180702s ||||| |||| 00| 0 rus d
040 _aAM-YeHGA
041 0 _arus
100 1 _aНикитин, Иван Саввич
_d(1824-1861)
245 1 0 _aПолное собрание сочинений и писем И.С. Никитина :
_bПровер. по рукописям и первопечат. источникам текста и варианты /
_cПод ред., с биогр. очерком, статьями и примеч. А.Г. Фомина; Вступ. ст. Ю.И. Айхенвальда
260 _aСанкт-Петербург :
_bПросвещение,
_c[1896] -
300 _aтом
440 0 _aВсемирная библиотека. Собрание сочинений известных русских и иностранных писателей
505 1 0 _gТ. 1 ([1896], 402 с.)
653 0 _aРусская литература
700 1 _aФомин, Александр Григорьевич
_eред.
_4edt
700 1 _aАйхенвальд, Юлий Исаевич
_eавт. предисл.
_4aui
942 _2udc
_cBK
090 _c410072
999 _c407805
_d407805